Municipalities in Essex County, MA - Statistics

General Stats
  • This quiz has been taken 236 times
  • The average score is 28 of 34
Answers on the Map
Answers color-coded by a green-red scale on the quiz's map according to % correct below.
 
Answer Stats
Population City/Town % Correct
29,729 Gloucester
97%
6,992 Rockport
96%
6,716 Newbury
94%
18,289 Newburyport
94%
101,253 Lynn
93%
44,480 Salem
93%
36,569 Andover
92%
30,915 North Andover
90%
17,366 Amesbury
89%
13,785 Ipswich
89%
9,236 Salisbury
89%
67,787 Haverhill
87%
89,143 Lawrence
87%
5,395 Manchester-by-the-Sea
87%
28,619 Saugus
87%
53,039 Methuen
86%
28,087 Danvers
85%
13,000 Lynnfield
85%
42,670 Beverly
83%
3,334 Nahant
83%
3,675 Essex
82%
8,470 Georgetown
82%
15,111 Swampscott
82%
20,441 Marblehead
80%
6,723 Merrimac
80%
4,500 West Newbury
80%
54,481 Peabody
79%
7,561 Hamilton
77%
6,161 Rowley
76%
8,203 Boxford
72%
6,569 Topsfield
70%
4,979 Wenham
69%
6,752 Groveland
68%
9,779 Middleton
63%
No matching quizzes found
Score Distribution
Percent of People with Each Score
Percentile by Number Answered
Your Score History
You have not taken this quiz